000 00994nam a2200241 a 4500
001 84198
003 BD-RjUL
005 20241030165750.0
008 241030s2022 bg a|||| m||| 00| 0 eng d
035 _a(BD-RjUL)84198
040 _aBD-RjUL
_beng
_cBD-RjUL
_dBD-RjUL
041 _aeng
082 _223
_a669.4
_bYAE 2022
100 _aYasmin, Most. Sabina
_914009
245 1 0 _6Supervisor : C. M. Mustafa
_aTHE EFFECT OF ADDITIVES IN LEAD-ACETATE MEDIA FOR THE ELECTRODEPOSITION OF PbO2 ON Ni-SUBSTRATE FOR LIGHTWEIGHT LEAD-ACID BATTERY /
_cMost. Sabina Yasmin
260 _aRajshahi :
_bDepartment of Applied Chemistry and Chemical Engineering,University of Rajshahi
_c2022
300 _axii, 160 leaves :
_bill.;
_c29 cm.
502 _aThesis (Ph.D.) -- Department of Applied Chemistry and Chemical Engineering,University of Rajshahi,2022
504 _aReferences : Leaves 127-145
650 _aLead
_vBattery
_xAcid
_914010
700 _aMustafa, C. M. Supervisor
_914011
942 _2ddc
_cTHE
999 _c84198
_d84198